Christina Alberta's father /

Bibliographic Details
Main Author: Wells, H. G. (Herbert George), 1866-1946
Format: Book
Language:English
Published: New York : Macmillan, 1925.

MARC

Tag First Indicator Second Indicator Subfields
LEADER 00000cam a2200000 4500
001 in00000026505
005 20151007062540.0
008 740206s1925 nyu 00011 eng u
010 |a  25017932  
035 |a (OCoLC)00792301 
035 |9 AAD5185AM 
040 |c HEI  |d TXA  |d UtOrBLW 
049 |a TXAM  |c 1 [24692]  |c 2 [141744] 
050 0 |a PZ3.W465  |b Ch 
090 |a PR5774  |b .C47 1925 
092 |a 823  |b W454ch 
100 1 |a Wells, H. G.  |q (Herbert George),  |d 1866-1946. 
245 1 0 |a Christina Alberta's father /  |c by H.G. Wells. 
264 1 |a New York :  |b Macmillan,  |c 1925. 
300 |a 401 pages ;  |c 20 cm. 
336 |a text  |b txt  |2 rdacontent 
337 |a unmediated  |b n  |2 rdamedia 
338 |a volume  |b nc  |2 rdacarrier 
999 |a MARS 
999 f f |s 3bd74d55-bdde-35f5-b7b7-62814e6cee59  |i 42700d80-0b7b-3691-83bf-c1ca7f58ce32  |t 0 
952 f f |p ric  |a Texas A&M University  |b Rellis Campus  |c Joint Library Facility  |s JLF  |d Remote Storage  |t 0  |e PR5774 .C47 1925  |h Library of Congress classification  |i unmediated -- volume  |m A14820151315 
952 f f |p ric  |a Texas A&M University  |b Rellis Campus  |c Joint Library Facility  |s JLF  |d Remote Storage  |t 0  |e PR5774 .C47 1925  |h Library of Congress classification  |i unmediated -- volume  |m A14801333453 
998 f f |a PR5774 .C47 1925  |t 0  |l Remote Storage 
998 f f |a PR5774 .C47 1925  |t 0  |l Remote Storage